Harlan Coben - Statistiques

Statistiques générales
  • Ce quiz a été pris 25 fois
  • Le résultat moyen est 11 sur 32
Statistiques - réponses
Série Année Titre du roman % Correct
Indépendant 2007 Dans les bois
55%
Myron Bolitar 1996 Balle de match
50%
Indépendant 2002 Disparu à jamais
50%
Indépendant 2008 Sans un mot
50%
Myron Bolitar 1997 Du sang sur le green
45%
Indépendant 2001 Ne le dis à personne
45%
Myron Bolitar 1996 Faux rebond
41%
Indépendant 2005 Innocent
41%
Indépendant 2012 Ne t'éloigne pas
41%
Indépendant 2014 Tu me manques
41%
Mickey Bolitar 2011 A découvert
36%
Mickey Bolitar 2013 A toute épreuve
36%
Indépendant 2016 Double piège
36%
Indépendant 2004 Juste un regard
36%
Myron Bolitar 2006 Promets-moi
36%
Indépendant 1991 Remède mortel
36%
Myron Bolitar 2011 Sous haute tension
36%
Mickey Bolitar 2012 A quelques secondes près
32%
Indépendant 2010 Faute de preuves
32%
Indépendant 2015 Intimidation
32%
Myron Bolitar 1995 Rupture de contrat
32%
Myron Bolitar 2009 Sans laisser d'adresse
32%
Indépendant 2003 Une chance de trop
32%
Myron Bolitar 1999 Mauvaise base
27%
Indépendant 2019 Ne t'enfuis plus
27%
Indépendant 2018 Par accident
27%
Myron Bolitar 2000 Peur noire
27%
Myron Bolitar 1998 Temps mort
27%
Myron Bolitar 2016 Sans défense
23%
Indépendant 1990 Sans un adieu
23%
Indépendant 2013 Six ans déjà
23%
Indépendant 2020 L'inconnu de la forêt
18%
Aucun quiz correspondant
Distribution des résultats
% des personnes avec chaque résultat
Percentile par nombre de réponses
Votre historique - résultats
Vous n’avez pas pris ce quiz